000 00341nam a22001457a 4500
008 210225b ||||| |||| 00| 0 eng d
020 _a2900132664379
041 _aeng
080 _27th
_a33
082 _a33
100 _a59
101 _aBIZ
245 _aContemporary Business and Online Commerce Law
_cCheeseman,H.R
942 _2udc
_cBK
999 _c55176
_d55176